Моделирование динамики механизмов и управляемого движения исполнительных устройств манипуляционных роботов (Запись № 11732715)

Подробности
000 -МАРКЕР
контрольное поле 02431nam0a2200325 i 4500
001 - ИДЕНТИФИКАТОР ЗАПИСИ
контрольное поле RU\NLR\BIBL_A\012066525
005 - ИДЕНТИФИКАТОР ВЕРСИИ
контрольное поле 20240921140422.0
010 ## - МЕЖДУНАРОДНЫЙ СТАНДАРТНЫЙ НОМЕР КНИГИ (ISBN)
Номер (ISBN) 9785998409370
Тираж 50
021 ## - НОМЕР ГОСУДАРСТВЕННОЙ РЕГИСТРАЦИИ
Код страны российская федерация
Номер 2019-48069
Номер Листа государственной регистраци КН-П-3497
035 ## - ДРУГИЕ СИСТЕМНЫЕ НОМЕРА
Идентификатор записи (RuMoRGB)010025880
035 ## - ДРУГИЕ СИСТЕМНЫЕ НОМЕРА
Идентификатор записи (NLR Aleph) 012066525
100 ## - ДАННЫЕ ОБЩЕЙ ОБРАБОТКИ
Данные общей обработки 20190729d2019 u y0rusy50 ca
101 0# - ЯЗЫК РЕСУРСА
Язык текста, звукозаписи и т.д. русский
102 ## - СТРАНА ПУБЛИКАЦИИ ИЛИ ПРОИЗВОДСТВА
Страна публикации российская федерация
105 ## - ПОЛЕ КОДИРОВАННЫХ ДАННЫХ: ТЕКСТОВЫЕ МАТЕРИАЛЫ, МОНОГРАФИЧЕСКИЕ
Кодированные данные о монографическом текстовом документе |||j|||000zy
200 1# - ЗАГЛАВИЕ И СВЕДЕНИЯ ОБ ОТВЕТСТВЕННОСТИ
Основное заглавие Моделирование динамики механизмов и управляемого движения исполнительных устройств манипуляционных роботов
Сведения, относящиеся к заглавию учебное пособие
Первые сведения об ответственности В.П. Умнов, Ю.Е. Мишулин
Последующие сведения об ответственности Министерство науки и высшего образования Российской Федерации, Федеральное государственное бюджетное образовательное учреждение высшего образования "Владимирский государственный университет имени Александра Григорьевича и Николая Григорьевича Столетовых"
210 ## - ПУБЛИКАЦИЯ, РАСПРОСТРАНЕНИЕ И ДР.
Место издания, распространения и т.д. Владимир
Имя издателя, распространителя и т. д. Изд-во ВлГУ
Дата издания, распространения и т.д. 2019
215 ## - ФИЗИЧЕСКАЯ ХАРАКТЕРИСТИКА
Специфическое обозначение материала и объем 151 с.
Другие сведения о физической характеристике ил., табл.
Размеры 21
320 ## - ПРИМЕЧАНИЯ О НАЛИЧИИ В ДОКУМЕНТЕ БИБЛИОГРАФИИ / УКАЗАТЕЛЯ
Текст примечания Библиогр.: с. 139-140 (20 назв.)
606 1# - НАИМЕНОВАНИЕ ТЕМЫ КАК ПРЕДМЕТ
Наименование темы Манипуляторы
Формальный подзаголовок Учебные издания для высших учебных заведений
Тематический подзаголовок Движение
-- Математическое моделирование
Системный номер авторитетной/нормативной записи 2338523
Идентификатор авторитетной/нормативной записи RU\NLR\AUTH\661397981
606 1# - НАИМЕНОВАНИЕ ТЕМЫ КАК ПРЕДМЕТ
Наименование темы Манипуляторы
Формальный подзаголовок Учебные издания для высших учебных заведений
Тематический подзаголовок Динамика
Системный номер авторитетной/нормативной записи 2592875
Идентификатор авторитетной/нормативной записи RU\NLR\AUTH\661532184
606 1# - НАИМЕНОВАНИЕ ТЕМЫ КАК ПРЕДМЕТ
Наименование темы Манипуляторы
Формальный подзаголовок Учебные издания для высших учебных заведений
Тематический подзаголовок Исполнительные устройства
Системный номер авторитетной/нормативной записи 1552543
Идентификатор авторитетной/нормативной записи RU\NLR\AUTH\66678168
686 1# - ИНДЕКСЫ ДРУГИХ КЛАССИФИКАЦИЙ
Индекс З816.2с116я73-1
700 #1 - ИМЯ ЛИЦА - ПЕРВИЧНАЯ ОТВЕТСТВЕННОСТЬ
Графика поля Кириллица
Материалы, к которым относится поле rus
Начальный элемент ввода Умнов
Часть имени, кроме начального элемента ввода В. П.
Дополнения к именам, кроме дат канд. техн. наук, робототехника
Расширение инициалов личного имени Владимир Павлович
Системный номер авторитетной/нормативной записи 158160
Идентификатор авторитетной/нормативной записи RU\NLR\AUTH\770158201
701 #1 - ИМЯ ЛИЦА - АЛЬТЕРНАТИВНАЯ ОТВЕТСТВЕННОСТЬ
Начальный элемент ввода Мишулин
Часть имени, кроме начального элемента ввода Ю. Е.
Дополнения к именам, кроме дат канд. техн. наук
Расширение инициалов личного имени Юрий Евгеньевич
Системный номер авторитетной/нормативной записи 148850
Идентификатор авторитетной/нормативной записи RU\NLR\AUTH\770148886
942 ## - ДОПОЛНИТЕЛЬНЫЕ ЭЛЕМЕНТЫ ЗАПИСИ (АБИС)
Тип экземпляра АБИС Книга
980 ## - КОЛЛЕКЦИЯ
Название коллекции НБР

Нет доступных экземпляров.